The Mössbauer effect : (Record no. 8585)
[ view plain ]
| 000 -LEADER | |
|---|---|
| fixed length control field | 00847nam a22002651 4500 |
| 001 - CONTROL NUMBER | |
| control field | 8585 |
| 003 - CONTROL NUMBER IDENTIFIER | |
| rucl marc code | BD-RjUL |
| 005 - DATE AND TIME OF LATEST TRANSACTION | |
| control field | 20211208234621.0 |
| 008 - FIXED-LENGTH DATA ELEMENTS--GENERAL INFORMATION | |
| fixed length control field | 14 r19631962nyua b 000 0 eng |
| 035 ## - SYSTEM CONTROL NUMBER | |
| System control number | (BD-RjUL)8630 |
| 040 ## - CATALOGING SOURCE | |
| Original cataloging agency | DLC/ICU |
| Transcribing agency | ICU |
| Modifying agency | DLC |
| -- | BD-RjUL |
| Language of cataloging | eng |
| 041 ## - LANGUAGE CODE | |
| Language code of text/sound track or separate title | eng |
| 082 00 - DEWEY DECIMAL CLASSIFICATION NUMBER | |
| Classification number | 537.5352 |
| Edition number | 16 |
| Author mark and year | FRM 1963 |
| 100 1# - MAIN ENTRY--PERSONAL NAME | |
| Personal name | Frauenfelder, Hans, |
| Dates associated with a name | 1922- |
| 9 (RLIN) | 26755 |
| 245 14 - TITLE STATEMENT | |
| Title | The Mössbauer effect : |
| Remainder of title | a review, with a collection of reprints / |
| Statement of responsibility, etc. | Hans Rrauenfelder. |
| 260 ## - PUBLICATION, DISTRIBUTION, ETC. (IMPRINT) | |
| Place of publication, distribution, etc. | New York : |
| Name of publisher, distributor, etc. | W.A. Benjamin, |
| Date of publication, distribution, etc. | 1962 [printing 1963]. |
| 300 ## - PHYSICAL DESCRIPTION | |
| Pagination | 336 p. : |
| Illustrations | illus. ; |
| Size | 23 cm. |
| 490 1# - SERIES STATEMENT | |
| Series statement | Frontiers in physics: a lecture note and reprint series |
| 504 ## - BIBLIOGRAPHY, ETC. NOTE | |
| Bibliography, etc | Includes bibliography. |
| 650 #0 - SUBJECT ADDED ENTRY--TOPICAL TERM | |
| Topical term or geographic name as entry element | Mössbauer effect. |
| 9 (RLIN) | 26756 |
| 830 #0 - SERIES ADDED ENTRY--UNIFORM TITLE | |
| Uniform title | Frontiers in physics. |
| 942 ## - ADDED ENTRY ELEMENTS (KOHA) | |
| Source of classification or shelving scheme | Dewey Decimal Classification |
| Koha item type | Books |
| Lost status | Source of classification or shelving scheme | Damaged status | Not for loan | Collection code | Permanent Location | Current Location | Shelving location | Date acquired | Source of acquisition | Cost, normal purchase price | Total Checkouts | Full call number | Date last seen | Copy number | Koha item type |
|---|---|---|---|---|---|---|---|---|---|---|---|---|---|---|---|
| Dewey Decimal Classification | Not For Loan | Non-fiction | Central Library, University of Rajshahi | Central Library, University of Rajshahi | 07/04/1965 | Zeitlinger | 44.00 | 537.5352 FRM 1963 | 19/01/2014 | C-1 | Books |